QSO absorption lines (Record no. 11663)

MARC details
000 -LEADER
fixed length control field 00847nam a2200229Ia 4500
003 - CONTROL NUMBER IDENTIFIER
control field IN-BaIIA
008 - FIXED-LENGTH DATA ELEMENTS--GENERAL INFORMATION
fixed length control field 211028s9999 xx 000 0 eng d
020 ## - INTERNATIONAL STANDARD BOOK NUMBER
International Standard Book Number 3-540-60152-X
040 ## - CATALOGING SOURCE
Transcribing agency IIA Library
080 ## - UNIVERSAL DECIMAL CLASSIFICATION NUMBER
Universal Decimal Classification number 524.7-657(082.1)
Item number ESO
111 ## - MAIN ENTRY--MEETING NAME
Meeting name or jurisdiction name as entry element European Southern Observatory Workshop on QSO Absorption Lines
Location of meeting Garching
Date of meeting or treaty signing 1994 Nov. 21-24
9 (RLIN) 20162
245 #0 - TITLE STATEMENT
Title QSO absorption lines
Remainder of title proceedings of the ESO Workshop on QSO absorpt.ion lines, held in Garching, Germany, 21-24 Nov 1994
Statement of responsibility, etc. edited by G. Meylan
260 ## - PUBLICATION, DISTRIBUTION, ETC.
Place of publication, distribution, etc. Berlin
Name of publisher, distributor, etc. Springer-Verlag
Date of publication, distribution, etc. 1995
300 ## - PHYSICAL DESCRIPTION
Extent [various pagings.]
650 ## - SUBJECT ADDED ENTRY--TOPICAL TERM
Topical term or geographic name entry element Absorption spectra
9 (RLIN) 3765
650 ## - SUBJECT ADDED ENTRY--TOPICAL TERM
Topical term or geographic name entry element Galaxies
9 (RLIN) 1286
650 ## - SUBJECT ADDED ENTRY--TOPICAL TERM
Topical term or geographic name entry element QSO spectra
9 (RLIN) 20163
650 ## - SUBJECT ADDED ENTRY--TOPICAL TERM
Topical term or geographic name entry element Quasars
9 (RLIN) 1096
650 ## - SUBJECT ADDED ENTRY--TOPICAL TERM
Topical term or geographic name entry element Redshift
9 (RLIN) 8391
700 ## - ADDED ENTRY--PERSONAL NAME
Personal name Meylan, G., ed.
9 (RLIN) 19127
942 ## - ADDED ENTRY ELEMENTS (KOHA)
Koha item type Books
Holdings
Withdrawn status Lost status Damaged status Not for loan Home library Current library Shelving location Date acquired Source of acquisition Cost, normal purchase price Total Checkouts Full call number Barcode Date last seen Date last checked out Cost, replacement price Price effective from Koha item type Purchase Price
        IIA Library-Bangalore IIA Library-Bangalore General Stacks 09/02/1996 WP 1204.80 1 524.7-657(082.1)/ ESO 12578 22/10/2024 22/05/2024 1204.80 09/02/1996 Books Rs. 1204.80

Powered by Koha